Catálogo
 En Linea

Teoría y práctica de la administración fiscal : (Registro nro. 23418)

Detalles MARC
000 -CABECERA
campo de control de longitud fija 00940nam a2200205 a 4500
001 - NÚMERO DE CONTROL
campo de control 000023922
005 - FECHA Y HORA DE LA ÚLTIMA TRANSACCIÓN
campo de control 20200930022555.0
008 - DATOS DE LONGITUD FIJA--INFORMACIÓN GENERAL
campo de control de longitud fija 110117s1970 mx 000 0 spa d
040 ## - FUENTE DE LA CATALOGACIÓN
Centro catalogador/agencia de origen DO-SdBNP
Lengua de catalogación spa
Centro/agencia transcriptor BNPHU
041 17 - CÓDIGO DE LENGUA
Código de lengua del texto/banda sonora o título independiente spa
Código de lengua original eng
Fuente del código Código de idiomas MARC
082 ## - NÚMERO DE LA CLASIFICACIÓN DECIMAL DEWEY
Número de clasificación nn*
Número de documento/Ítem nn*
049 ## - FONDOS LOCALES (OCLC)
Fondos de biblioteca BNGR
100 1# - ENTRADA PRINCIPAL--NOMBRE DE PERSONA
Nombre de persona Nowak, Norman D.
9 (RLIN) 49221
240 10 - TÍTULO UNIFORME
Título uniforme Tax administration in theory and practice, with special reference to Chile.
Lenguaje de la obra Español
245 10 - MENCIÓN DE TÍTULO
Título Teoría y práctica de la administración fiscal :
Resto del título proyecto de modernización del servicio de impuestos de Chile /
Mención de responsabilidad, etc. Norman D. Nowak ; traducción Mauricio Kitaigorodzki.
260 ## - PUBLICACIÓN, DISTRIBUCIÓN, ETC.
Lugar de publicación, distribución, etc. México, D. F. :
Nombre del editor, distribuidor, etc. Centro Regional de Ayuda Técnica. Agencia para el Desarrollo Internacional,
Fecha de publicación, distribución, etc. 1970.
300 ## - DESCRIPCIÓN FÍSICA
Extensión 230 p. ;
Dimensiones 23 cm.
534 ## - NOTA SOBRE LA VERSIÓN ORIGINAL
Encabezamiento principal del original [Título en inglés] :
Mención de título del original Tax administration in theory and practice, with special reference to Chile
700 1# - PUNTO DE ACCESO ADICIONAL--NOMBRE DE PERSONA
Nombre de persona Kitaigorodzki, Mauricio,
Término indicativo de función/relación tr.
9 (RLIN) 47973
Existencias
Estado de retiro Estado de pérdida Restricciones de uso No para préstamo Código de colección Localización permanente Ubicación/localización actual Ubicación en estantería Fecha de adquisición Número de inventario Total de préstamos Signatura topográfica completa Código de barras Fecha visto por última vez Precio válido a partir de Tipo de ítem Koha Número de copia
        Monografías: Libros y Folletos General General En catalogación 17.01.2011 LF1   nn* nn* 23922-10 25.06.2020 25.06.2020 Préstamo en sala  
      Préstamo restrigido Monografías: Libros y Folletos General General En catalogación 17.01.2011 LF1   nn* nn* 23922-20 25.06.2020 25.06.2020 Préstamo en sala e. 2
        Monografías: Libros y Folletos General General En catalogación 17.01.2011 LF1   nn* nn* 23922-30 25.06.2020 25.06.2020 Préstamo en sala e. 3

Con tecnología Koha